000 00760nam a22002177a 4500
005 20100807141258.0
010 _aENG-98832
020 _a9788183711227
_c135.00
035 _aEN-82364
037 _bDBAD/PUB
082 _a005.1
100 _aG. Ramesh Kumar
_98581
245 _aSoftware engineering /
_cby G. Ramesh Kumar
260 _aChennai
_bScitech Publications
_c2008
270 _a7/3C, Madley Road, T. Nagar
_bChennai
_e600017
300 _avarious paging:
_bill.
_c22cm (pbk)
500 _aIncludes references
650 _aSoftware Engineering
_98582
942 _2ddc
_cEN
_h005.1
_mGRA
999 _c40072
_d40072